[Event "Euskadi tch 1D"]
[Site ""]
[Date "2012.03.03"]
[Round "8.4"]
[White "Sierra Lopez, Ceferino"]
[Black "Perez Marchal, Javier"]
[Result "1/2-1/2"]
[WhiteElo "2011"]
[BlackElo "1825"]
[WhiteTeam "Zornotza"]
[BlackTeam "San Juan"]

1.e4 e5 2.Nf3 Nc6 3.Bc4 Bc5 4.O-O h6 5.c3 Nf6 6.d4 Bd6 7.Qe2 O-O 8.dxe5 
Bxe5 9.Nxe5 Nxe5 10.Bb3 d6 11.f3 Qe7 12.Nd2 Be6 13.Bxe6 Qxe6 14.Nb3 c5 15.
Be3 Rfd8 1/2-1/2

[Event "Euskadi tch 1D"]
[Site ""]
[Date "2012.03.03"]
[Round "8.2"]
[White "Arias Garcia, Luis Javier"]
[Black "Hernando Rodrigo, José M."]
[Result "1/2-1/2"]
[WhiteElo "2168"]
[BlackElo "2326"]
[WhiteTeam "Zornotza"]
[BlackTeam "Jan Juan"]

1.Nf3 Nf6 2.g3 d5 3.c4 g6 4.cxd5 Nxd5 5.Nc3 Bg7 6.Bg2 O-O 7.O-O Nc6 8.Ng5 
e6 9.Nge4 f5 10.Nxd5 exd5 11.Nc3 Be6 12.Qb3 Na5 13.Qb4 b6 14.d4 Rc8 15.Rd1
Rf7 16.Qb5 c6 17.Qd3 b5 18.h4 h6 19.e3 Qd6 20.b3 g5 21.hxg5 hxg5 22.Ne2 
Nb7 23.a4 b4 24.a5 c5 25.Qb5 a6 26.Qa4 Qe7 27.Rb1 c4 28.bxc4 Rxc4 29.Bd2 
Bf8 30.Rdc1 Qc7 31.Rxc4 Qxc4 32.Bf1 Qd3 33.Qa2 Qe4 34.Bg2 Qd3 35.Nc1 Qb5 
36.Nb3 Qd7 37.Rc1 Bd6 38.Nc5 Nxc5 39.dxc5 Bc7 40.Bxb4 d4 41.Qd2 dxe3 42.
Qxe3 f4 43.Qe4 fxg3 44.fxg3 Bxg3 45.Be1 Bc7 46.Bc3 Rf5 47.Rf1 Rxf1+ 48.
Bxf1 Qf7 49.Qa8+ Qf8 50.Qc6 Qe7 51.Bd3 Kf7 52.Qa8 Bd8 53.Qe4 Qxc5+ 54.Bd4 
Qc1+ 55.Kg2 Qd2+ 56.Kg1 Qd1+ 57.Kg2 Qd2+ 1/2-1/2

[Event "Euskadi tch 1D"]
[Site ""]
[Date "2012.03.03"]
[Round "8.1"]
[White "Ros Eskisabel, Jose Ramon"]
[Black "Aguera Naredo, Javier"]
[Result "0-1"]
[WhiteElo "2100"]
[BlackElo "2358"]

1.e4 c5 2.Nf3 d6 3.d4 cxd4 4.Nxd4 Nf6 5.Nc3 Nc6 6.Bg5 e6 7.Qd2 a6 8.O-O-O 
Bd7 9.f3 Be7 10.h4 Ne5 11.g4 b5 12.a3 Rb8 13.Kb1 Qb6 14.Ka1 b4 15.axb4 
Qxb4 16.b3 O-O 17.Na2 Qb7 18.Be3 a5 19.g5 Nh5 20.Qg2 a4 21.b4 Rfc8 22.c3 
Ng6 23.Bd3 Ngf4 24.Qd2 e5 25.Ne2 Nxd3 26.Qxd3 Bb5 27.Qd2 Bxe2 28.Qxe2 Ng3 
29.Qg2 Nxh1 30.Qxh1 Rxc3 31.Nxc3 Qxb4 0-1

[Event "Euskadi tch 1D"]
[Site ""]
[Date "2012.03.03"]
[Round "8.2"]
[White "Alvarado Fernandez, Mikel"]
[Black "Alonso Alonso, Ivan"]
[Result "1-0"]
[WhiteElo "2006"]
[BlackElo "2160"]

1.d4 d5 2.Bg5 Nf6 3.Bxf6 exf6 4.e3 Bd6 5.Nd2 O-O 6.g3 c6 7.Bg2 Qb6 8.Qc1 
Re8 9.Ngf3 Qa6 10.a3 Bf5 11.b4 Nd7 12.Bf1 Qa4 13.c4 a5 14.c5 Bf8 15.Nh4 
Bg4 16.h3 Be6 17.Rb1 axb4 18.axb4 g5 19.Nhf3 Bf5 20.Rb3 b6 21.g4 Be4 22.
Qd1 Reb8 23.Nxe4 dxe4 24.Nd2 bxc5 25.bxc5 Rxb3 26.Qxb3 Qa1+ 27.Qd1 Qc3 28.
Qb3 Qc1+ 29.Qd1 Qc3 30.Qb3 Ra1+ 31.Ke2 Qa5 32.Bg2 Ra2 33.Rd1 Qa6+ 34.Ke1 
Bxc5 35.Bxe4 Bf8 36.Bb1 Ra3 37.Qc2 Bg7 38.Qxh7+ Kf8 39.Qf5 Qa7 40.Rc1 Ra5 
41.Qc2 c5 42.Nb3 Rb5 43.Nxc5 Nxc5 44.dxc5 Qc7 45.Qd3 Rb8 46.Qd6+ Qxd6 47.
cxd6 Ke8 48.Bf5 Rd8 49.d7+ Ke7 50.Rc6 Ra8 51.Rc8 Ra1+ 52.Kd2 Ra2+ 53.Kd3 
1-0

[Event "Euskadi tch 1D"]
[Site ""]
[Date "2012.03.03"]
[Round "8.3"]
[White "Nava Pereda, Carlos"]
[Black "Alvarez Ponga, Hugo"]
[Result "1-0"]
[WhiteElo "2259"]
[BlackElo "2099"]

1.Nf3 Nf6 2.c4 e6 3.g3 b6 4.Bg2 Bb7 5.O-O c5 6.Nc3 Be7 7.d4 O-O 8.d5 exd5 
9.Nh4 Re8 10.Nf5 Bf8 11.Bg5 h6 12.Nxd5 Bxd5 13.Bxd5 Nc6 14.Bxc6 dxc6 15.
Nxh6+ gxh6 16.Qxd8 Raxd8 17.Bxf6 Rd2 18.e3 Bg7 19.Bxg7 Kxg7 20.b3 Red8 21.
Kg2 Kf6 22.Kf3 a5 23.Rfe1 Ke5 24.Re2 R8d6 25.Rae1 Rf6+ 26.Kg2 Rd3 27.g4 
Rg6 28.Kg3 f5 29.f3 Rd7 30.Kh4 fxg4 31.fxg4 Rdg7 32.h3 Rf6 33.Rd1 Ke4 34.
Rd8 h5 35.Rg2 Kxe3 36.g5 Re6 37.Rg3+ Ke4 38.Kxh5 Rh7+ 39.Kg4 Rf7 40.h4 
Rf4+ 41.Kh3 Rf1 42.g6 Ref6 43.Re8+ Kf4 44.g7 1-0

[Event "Euskadi tch 1D"]
[Site ""]
[Date "2012.03.03"]
[Round "8.4"]
[White "Vila Dupla, Aurelio"]
[Black "Martin Allende, Jorge"]
[Result "1-0"]
[WhiteElo "2191"]
[BlackElo "2117"]

1.Nf3 d5 2.g3 Nf6 3.Bg2 g6 4.O-O Bg7 5.c4 c6 6.d4 O-O 7.cxd5 cxd5 8.Ne5 
Nc6 9.Nxc6 bxc6 10.Nc3 Rb8 11.Na4 Nd7 12.Rb1 Ba6 13.b3 e5 14.dxe5 Bxe5 15.
Ba3 Re8 16.Re1 Bb5 17.Rc1 Bxa4 18.bxa4 Qf6 19.Rc2 Bc3 20.Rf1 Bb2 21.Qd3 
Ne5 22.Bxb2 Rxb2 23.Qc3 Rxc2 24.Qxc2 Qd6 25.Rc1 h5 26.e3 d4 27.exd4 Qxd4 
28.Rd1 Qg4 29.h3 Qb4 30.f4 Nc4 31.Rd4 Qb6 32.Qf2 Ne3 33.Rd7 Nxg2 34.Kxg2 
c5 35.Kh2 Qa6 36.Rd2 c4 37.Qd4 Qxa4 38.f5 Qa5 39.fxg6 Qc7 40.gxf7+ Qxf7 
41.Rf2 Qe6 42.Qxa7 h4 43.Qc7 hxg3+ 44.Qxg3+ Kh7 45.Qh4+ Kg6 46.Rg2+ Kf5 
1-0

[Event "Euskadi tch 1D"]
[Site ""]
[Date "2012.03.03"]
[Round "8.4"]
[White "Fernandez Lopategui, Jon Andoni"]
[Black "Arreseigor Sanchez, Cesareo"]
[Result "1/2-1/2"]
[WhiteElo "2042"]
[BlackElo "2054"]

1.d4 Nf6 2.Bg5 Ne4 3.Bf4 d5 4.f3 Nf6 5.c4 e6 6.Nc3 c5 7.cxd5 cxd4 8.Qxd4 
Nc6 9.Qd2 Nxd5 10.Nxd5 exd5 11.a3 Bc5 12.e3 O-O 13.O-O-O Qb6 14.Bd3 Re8 
15.e4 Nd4 16.Qc3 dxe4 17.fxe4 Bg4 18.Re1 Rac8 19.Kb1 Ne6 20.Bc1 Bd4 21.Qd2
Nc5 22.Bc2 Red8 23.Qb4 Qc6 24.Nf3 Ne6 25.Ba4 Qc7 26.Bb3 a5 27.Qb5 Nc5 28.
Ba2 a4 29.Rhf1 1/2-1/2

[Event "Euskadi tch 1D"]
[Site ""]
[Date "2012.03.03"]
[Round "8.4"]
[White "Yaben Muñoz, Javier"]
[Black "Perez Palma, Jesus Maria"]
[Result "1-0"]
[WhiteElo "2012"]
[BlackElo "1957"]

1.e4 e6 2.d4 d5 3.Nc3 Nf6 4.e5 Nfd7 5.Nce2 c5 6.c3 Nc6 7.f4 Qb6 8.Nf3 cxd4
9.cxd4 Bb4+ 10.Bd2 Bxd2+ 11.Qxd2 Qb4 12.Nc3 Nb6 13.Nb5 Qxd2+ 14.Kxd2 Ke7 
15.Nd6 Rb8 16.Rc1 Bd7 17.Bd3 Nc8 18.Nb5 a6 19.Nc3 Nb6 20.b3 h6 21.Rhf1 g6 
22.Ke3 Nb4 23.Bb1 Rbc8 24.g4 h5 25.f5 hxg4 26.fxe6 gxf3 27.exd7 Kxd7 28.
Rxf3 Ke7 29.h3 Rh4 30.Ne2 Rxc1 31.Nxc1 Nc6 32.Ne2 Rh8 33.Nf4 g5 34.Ne2 Nd8
35.Ng3 Kd7 36.Nf5 Nc8 37.Rg3 Ne6 38.Bd3 Nf4 39.Bf1 Ke6 40.Ng7+ Ke7 41.Rxg5
Nxh3 42.Rg3 1-0

[Event "Euskadi tch 1D"]
[Site ""]
[Date "2012.03.03"]
[Round "8.4"]
[White "Urbieta Gabancho, Koldo"]
[Black "Aguinaga Ruiz, Jesus Luis"]
[Result "0-1"]
[WhiteElo "1949"]
[BlackElo "1956"]

1.e4 Nc6 2.d4 d5 3.e5 f6 4.f4 Nh6 5.c3 Bg4 6.Be2 Bf5 7.Bf3 Qd7 8.h3 e6 9.
Qe2 fxe5 10.fxe5 Bxb1 11.Rxb1 Nf5 12.Bf4 Be7 13.Kd1 O-O-O 14.Qd2 h6 15.Ne2
g5 16.Be3 Nh4 17.Rf1 Rdf8 18.Ng1 Qe8 19.Qd3 Nf5 20.Bf2 h5 21.g4 hxg4 22.
Bxg4 Bd8 23.Kc2 Nce7 24.Ne2 Qa4+ 25.b3 Qxa2+ 26.Rb2 Qa5 27.Rfb1 Qb6 28.Ra1
Nh6 29.Bf3 Rf7 30.c4 Rhf8 31.Ng1 Nc6 32.Qc3 g4 33.hxg4 Nxg4 34.c5 Qb4 35.
Qxb4 Nxb4+ 36.Kc3 Rxf3+ 37.Nxf3 Rxf3+ 38.Kxb4 Nxf2 39.Rc2 Nd3+ 40.Ka3 Rf4 
41.Rd2 Rf3 42.Rg1 Kd7 43.Rh2 Be7 44.Rh7 Rf8 45.Rgg7 Re8 46.Rf7 b6 47.Rh3 
bxc5 48.Rxd3 c4+ 49.Rxe7+ Rxe7 50.bxc4 dxc4 51.Rc3 Kc6 52.Rxc4+ Kd5 53.Ra4
c5 54.dxc5 Kxc5 55.Kb3 Kd5 56.Ra5+ Ke4 57.Kc3 Rd7 58.Kc2 Rd5 59.Rxa7 Kxe5 
60.Ra3 Ke4 61.Rh3 e5 62.Kc3 Kf4 63.Rh4+ Kg3 64.Rh5 Kg4 65.Rh8 e4 66.Kc4 
Rd7 67.Kc3 e3 68.Re8 Kf3 69.Rf8+ Ke2 70.Re8 Kf2 71.Rf8+ Ke1 72.Kc2 e2 73.
Re8 Rf7 74.Rh8 Kf1 75.Rh1+ Kg2 0-1

[Event "Euskadi tch 1D"]
[Site ""]
[Date "2012.03.10"]
[Round "9.5"]
[White "Hernando Rodrigo, Jose Maria"]
[Black "Alcaide Luque, Aitor"]
[Result "1-0"]
[WhiteElo "2326"]
[BlackElo "2135"]

1.d4 e6 2.Nf3 d5 3.c4 c5 4.cxd5 exd5 5.e3 Nf6 6.Be2 Nc6 7.O-O Bd6 8.dxc5 
Bxc5 9.b3 O-O 10.Bb2 Be6 11.Nc3 a6 12.Rc1 Qe7 13.Na4 Ba7 14.Nd4 Nxd4 15.
Bxd4 b5 16.Nc5 Rfc8 17.Nxe6 fxe6 18.Bb2 Bc5 19.a4 b4 20.Bd3 Rf8 21.Bxf6 
Rxf6 22.Bxh7+ Kh8 23.Bd3 Bd6 24.Qg4 Rh6 25.g3 Be5 26.Rc6 a5 27.e4 Bc3 28.
exd5 exd5 29.Rc8+ 1-0

[Event "Euskadi tch 1D"]
[Site ""]
[Date "2012.03.10"]
[Round "9.5"]
[White "Tornay Gomez, Josu"]
[Black "Tetimov, Ivan"]
[Result "0-1"]
[WhiteElo "2115"]
[BlackElo "2032"]

1.c4 Nf6 2.g3 e6 3.Bg2 d5 4.Nf3 Be7 5.O-O O-O 6.b3 Nbd7 7.Bb2 c6 8.d3 b6 
9.Nbd2 Ba6 10.e4 dxe4 11.dxe4 Rc8 12.e5 Ne8 13.Ne4 Nc5 14.Nxc5 Bxc5 15.Qc2
b5 16.Rfd1 Qe7 17.h4 h6 18.Nd4 Bxd4 19.Rxd4 c5 20.Rd2 bxc4 21.bxc4 Bb7 22.
Rad1 Bxg2 23.Rd7 Qxd7 24.Rxd7 Bc6 25.Rxa7 Nc7 26.Ba3 Rfd8 27.Bxc5 Bf3 28.
Bd6 Nb5 29.Ra6 Bd5 30.c5 Nd4 31.Qa4 Nf3+ 32.Kf1 Bc4+ 33.Kg2 Ne1+ 34.Kg1 
Nf3+ 35.Kg2 Ne1+ 36.Kh3 Bf1+ 37.Kh2 Nf3+ 38.Kh1 Ne1 39.Ra7 Bg2+ 40.Kg1 Bc6
41.Qf4 Nf3+ 42.Kf1 Bb5+ 43.Kg2 Ne1+ 44.Kg1 Bd7 45.Qe4 Bc6 46.Qxe1 Ra8 47.
Rxa8 Rxa8 48.Qb1 Bd5 49.g4 Bxa2 50.Qb7 Bd5 51.c6 Ra1+ 52.Kh2 g5 53.hxg5 
hxg5 54.f4 gxf4 55.Qb8+ Kh7 56.Qa8 Rh1# 0-1

[Event "Euskadi tch 1D"]
[Site ""]
[Date "2012.03.10"]
[Round "9.5"]
[White "Perez Marchal, Javier"]
[Black "Hernando Casas, Jose Manuel"]
[Result "0-1"]
[WhiteElo "1853"]
[BlackElo "2017"]

1.e4 e6 2.d3 d5 3.Qe2 Nf6 4.Nf3 Be7 5.g3 O-O 6.e5 Nfd7 7.Bg2 c5 8.O-O Nc6 
9.Re1 b5 10.c4 bxc4 11.dxc4 Ba6 12.b3 Nb6 13.Na3 d4 14.Rd1 Bb7 15.Nc2 a5 
16.a4 Nd7 17.h4 Qb6 18.Bf4 Nb4 19.Nxb4 Qxb4 20.Qd3 Rab8 21.Rab1 Rfd8 22.
Re1 Qb6 23.Bg5 Bxg5 24.Nxg5 Nf8 25.Be4 Bxe4 26.Rxe4 h6 27.Nf3 Qc7 28.g4 
Qe7 29.g5 h5 30.Nd2 Rb4 31.Qf3 g6 32.Qd3 Rdb8 33.f4 Qb7 34.Kf2 Nd7 35.Ree1
Qb6 36.Rg1 Rb7 37.Rg3 Nb8 38.Ne4 Nd7 39.Nd2 Nb8 40.Rf3 Nc6 41.Qc2 Ne7 42.
Kg3 Nf5+ 43.Kh3 Qc6 44.Qd3 Ne3 45.Ne4 Nf5 46.Nd2 Kg7 47.Ne4 Ne3 48.Kg3 
Nxc4 49.Nf6 Ne3 50.Kf2 Qb6 51.Ne8+ Kf8 52.Nf6 Kg7 53.Ne8+ Kh8 54.Kg3 Rxb3 
55.Rxb3 Qxb3 56.Qe4 Qd5 57.Qd3 Rb2 58.Rxe3 Qg2# 0-1

[Event "Euskadi tch 1D"]
[Site ""]
[Date "2012.03.10"]
[Round "9.1"]
[White "Dura Olmos, Gines Raul"]
[Black "Aguirre Canflanca, Josu"]
[Result "0-1"]
[WhiteElo "2083"]
[BlackElo "2189"]

1.e4 e6 2.d4 d5 3.Nc3 Bb4 4.exd5 exd5 5.Bd3 Nc6 6.a3 Bxc3+ 7.bxc3 Nf6 8.
Bg5 Qd6 9.Ne2 h6 10.Bf4 Qe7 11.O-O O-O 12.Re1 Be6 13.Ng3 Qd7 14.Nh5 Ne4 
15.Nxg7 Kxg7 16.Qh5 Rh8 17.Bxe4 dxe4 18.Re3 Bf5 19.Rg3+ Bg6 20.d5 Ne7 21.
Qe5+ f6 22.Qxe4 Rae8 23.Qf3 Qxd5 24.Qg4 h5 25.Qh3 Qf5 26.Qh4 Qxc2 27.Qh3 
Nf5 28.Rf3 Re7 29.Be3 Rhe8 30.g4 hxg4 31.Qxg4 Nxe3 32.Rxe3 Rxe3 33.fxe3 
Qxc3 34.Qd7+ Bf7 35.Rf1 Qxe3+ 36.Kh1 Qe4+ 37.Kg1 Re5 38.h4 Rd5 39.Qxc7 
Qg4+ 40.Kf2 Rd2+ 0-1

[Event "Euskadi tch 1D"]
[Site ""]
[Date "2012.03.10"]
[Round "9.1"]
[White "Ortega Fuentes, Luis Angel"]
[Black "Rodriguez Melendez, Juan Humber"]
[Result "0-1"]
[WhiteElo "2119"]
[BlackElo "2096"]

1.d4 Nf6 2.Nf3 g6 3.Nbd2 Bg7 4.e4 d6 5.Bc4 O-O 6.O-O c5 7.dxc5 dxc5 8.a4 
Nc6 9.h3 Qc7 10.c3 b6 11.Qe2 Nh5 12.Rd1 Bb7 13.Nb3 Ne5 14.Nxe5 Bxe5 15.a5 
Rad8 16.Re1 Nf4 17.Qf3 Bc6 18.axb6 axb6 19.Qe3 Rd7 20.Nd2 Rfd8 21.Nf3 Rd3 
22.Bxd3 Rxd3 23.Nxe5 Rxe3 24.Bxe3 Qxe5 25.Bxf4 Qxf4 26.Re3 Bxe4 27.Rae1 
Bd5 28.Rxe7 Qg5 29.g3 Be6 30.Re8+ Kg7 31.h4 Qd2 32.Re3 Qxb2 33.Re7 Bd5 0-1

[Event "Euskadi tch 1D"]
[Site ""]
[Date "2012.03.10"]
[Round "9.1"]
[White "Arce Balluerca, Jorge"]
[Black "Manso Marquez, Felix"]
[Result "0-1"]
[WhiteElo "2018"]
[BlackElo "2061"]

1.Nf3 Nf6 2.g3 b6 3.Bg2 Bb7 4.O-O g6 5.b3 Bg7 6.Bb2 O-O 7.c4 c5 8.Nc3 d6 
9.e3 Nbd7 10.d4 cxd4 11.exd4 Rc8 12.d5 Nxd5 13.cxd5 Bxc3 14.Bxc3 Rxc3 15.
Nd4 a6 16.Re1 Ne5 17.Be4 Qd7 18.Qd2 Rc5 19.Ne2 Rfc8 20.Rad1 Qg4 21.Nf4 g5 
22.h3 Nf3+ 23.Bxf3 Qxf3 24.Re3 Qxd1+ 25.Qxd1 Rc1 0-1

[Event "Euskadi tch 1D"]
[Site ""]
[Date "2012.03.10"]
[Round "9.1"]
[White "Mendikute Fierro, Claudio"]
[Black "Mosquera Ulloa, Fernando"]
[Result "1-0"]
[WhiteElo "2031"]
[BlackElo "1953"]

1.e4 c6 2.d4 d5 3.Nc3 dxe4 4.Nxe4 Bf5 5.Ng3 Bg6 6.h4 h6 7.Nf3 Nf6 8.h5 Bh7
9.Bd3 Bxd3 10.Qxd3 e6 11.Bf4 c5 12.Ne4 Nc6 13.Nxf6+ gxf6 14.Qb5 Qa5+ 15.
Qxa5 Nxa5 16.Bd2 Nc6 17.c3 O-O-O 18.dxc5 Bxc5 19.Ke2 Ne7 20.Rad1 Nf5 21.
Bc1 Rhg8 22.Rxd8+ Kxd8 23.g3 Bf8 24.Nh4 Nd6 25.Ng2 Ne4 26.Kf3 Ng5+ 27.Ke2 
Kc8 28.Rh4 Bd6 29.Ne3 Kd7 30.Ng4 Ke7 31.Nxh6 Rh8 32.Ng4 Ne4 33.Be3 b6 34.
Nh2 Rh7 35.Rxe4 1-0

[Event "Euskadi tch 1D"]
[Site ""]
[Date "2012.03.10"]
[Round "9.2"]
[White "Lozoya Rodriguez, Alberto"]
[Black "Monje Peinado, Roberto"]
[Result "1-0"]
[WhiteElo "2214"]
[BlackElo "2065"]

1.c4 f5 2.g3 Nf6 3.Bg2 g6 4.Nc3 Bg7 5.d3 O-O 6.e4 fxe4 7.dxe4 d6 8.Nge2 
Nc6 9.O-O Kh8 10.h3 e5 11.Bg5 Be6 12.Nd5 Qd7 13.Kh2 Rf7 14.Qd2 Ng8 15.Be3 
Qe8 16.b4 Qf8 17.c5 Bh6 18.f4 dxc5 19.Bxc5 Qe8 20.Qc2 b6 21.Bg1 Rc8 22.b5 
Na5 23.fxe5 c6 24.bxc6 Nxc6 25.Qb2 Bg7 26.Nf6 Qe7 27.Rac1 Nxf6 28.exf6 
Bxf6 29.Qb5 Ne5 30.Nf4 Bc4 31.Qa4 b5 32.Qa5 Qd8 33.Qxd8+ Rxd8 34.Rfd1 Rfd7
35.Rxd7 Rxd7 36.a4 bxa4 37.Nd5 Bg5 38.Bd4 Rxd5 39.Rxc4 Ra5 40.Bc3 1-0

[Event "Euskadi tch 1D"]
[Site ""]
[Date "2012.03.10"]
[Round "9.2"]
[White "Hernandorena De La Cruz, Egoi"]
[Black "Fernandez Lopategui, Jon Andoni"]
[Result "1/2-1/2"]
[WhiteElo "2033"]
[BlackElo "2042"]

1.e4 d5 2.exd5 Qxd5 3.Nc3 Qa5 4.d4 c6 5.Nf3 Bf5 6.Bc4 e6 7.Bd2 Nf6 8.Nd5 
Qd8 9.Nxf6+ gxf6 10.O-O Nd7 11.Re1 Nb6 12.Ba5 Be7 13.Bb3 O-O 14.Nh4 Bg6 
15.Qd2 Qd6 16.Qh6 Nd5 17.Nxg6 hxg6 18.c4 Qf4 19.Bd2 Qxh6 20.Bxh6 Nb6 21.
Bxf8 Kxf8 22.Rad1 a5 23.a3 Rd8 24.f3 f5 25.Rd3 c5 26.d5 exd5 27.Rc1 Bg5 
28.Rc2 d4 29.Re2 Nd7 30.Ba4 Nf6 31.Re1 Rd6 32.Rb1 Nh5 33.g3 Bd8 34.b4 axb4
35.axb4 b6 36.bxc5 bxc5 37.Rb8 Ng7 38.Kf2 Ne6 39.Bb5 Ke7 40.Rd1 Ba5 41.h4 
Kf6 42.Rh1 Ng7 43.Rc8 Bb4 44.Rc6 Rxc6 45.Bxc6 d3 46.Rb1 1/2-1/2

[Event "Euskadi tch 1D"]
[Site ""]
[Date "2012.03.10"]
[Round "9.2"]
[White "Perez Palma, Jesus Maria"]
[Black "Jimenez Almeida, Luis David"]
[Result "0-1"]
[WhiteElo "1957"]
[BlackElo "2043"]

1.c4 g6 2.g3 f5 3.d4 Nf6 4.Nc3 Bg7 5.Bg2 O-O 6.f4 e6 7.Nf3 d5 8.Ne5 c6 9.
O-O Nbd7 10.Qb3 Kh8 11.Nf3 Ne4 12.e3 Nb6 13.c5 Nc4 14.Nxe4 fxe4 15.Nd2 Na5
16.Qc3 b6 17.b4 Nb7 18.Nb3 a5 19.bxa5 bxc5 20.Nxc5 Qxa5 21.Qxa5 Rxa5 22.
Nb3 Ra4 23.Bb2 c5 24.Rfc1 c4 25.Nd2 Nc5 26.Bc3 Nd3 27.Rc2 Bd7 28.a3 Rfa8 
29.Rca2 Bf8 30.Nb1 Nc1 31.Rb2 Nb3 32.Raa2 Bxa3 33.Nxa3 Rxa3 34.Rxa3 Rxa3 
35.Bf1 h5 36.Kf2 Kh7 37.Be2 Kh6 38.g4 hxg4 39.Bxg4 g5 40.Bb4 Ra1 41.Bf8+ 
Kg6 42.fxg5 Kxg5 43.h3 Ba4 44.Be7+ Kg6 45.Bb4 Nc1 46.Be2 Nd3+ 47.Bxd3 exd3
48.Kg3 Rc1 0-1

[Event "Euskadi tch 1D"]
[Site ""]
[Date "2012.03.10"]
[Round "9.2"]
[White "Sevilla Subiza, Javier"]
[Black "Urbieta Gabancho, Koldo"]
[Result "1-0"]
[WhiteElo "1925"]
[BlackElo "1949"]

1.d4 d5 2.c4 c6 3.Nf3 Nf6 4.Nc3 a6 5.e3 Bf5 6.Qb3 Ra7 7.a4 e6 8.c5 Nbd7 9.
Be2 Be7 10.Bd2 O-O 11.O-O Qb8 12.Qd1 e5 13.Nh4 Bg6 14.f4 exf4 15.Nxg6 hxg6
16.exf4 b6 17.b4 a5 18.b5 bxc5 19.bxc6 Nb6 20.Nb5 Ra8 21.c7 Qc8 22.Qe1 Re8
23.Bxa5 Nc4 24.Bxc4 dxc4 25.Bb6 Qd7 26.Qf2 Ne4 27.Qc2 Qd5 28.Rad1 f5 29.
Kh1 Qf7 30.Rfe1 Qe6 31.a5 cxd4 32.Nxd4 Qf7 33.Nc6 Bf6 34.Nd8 Qf8 35.Qxc4+ 
Kh7 36.c8=Q Rxc8 37.Qxc8 Bxd8 38.Rxe4 fxe4 39.Rxd8 Rxd8 40.Qxd8 Qxf4 41.
Qd1 Qb8 42.Qg4 Qb7 43.Qh4+ Kg8 44.Qd8+ Kh7 45.Qd4 Kg8 46.h3 Kh7 47.Qb4 g5 
48.Qb5 Kh6 49.h4 gxh4 50.Be3+ 1-0

[Event "Euskadi tch 1D"]
[Site ""]
[Date "2012.03.10"]
[Round "9.3"]
[White "Trigo Urquijo, Sergio"]
[Black "Agudo Tena, Angel"]
[Result "1/2-1/2"]
[WhiteElo "2225"]
[BlackElo "1896"]

1.d4 d5 2.c4 c6 3.Nf3 Nf6 4.e3 Bf5 5.Nc3 e6 6.Nh4 Bg4 7.f3 Bh5 8.g3 Nbd7 
9.Bd2 Be7 10.cxd5 cxd5 11.Bd3 Ne4 12.Bxe4 dxe4 13.Nxe4 f5 14.Nc5 Nxc5 15.
dxc5 Bxh4 16.Qa4+ Kf7 17.Qxh4 Qxh4 1/2-1/2

[Event "Euskadi tch 1D"]
[Site ""]
[Date "2012.03.10"]
[Round "9.3"]
[White "Garjon Modrego, Miguel"]
[Black "Nava Pereda, Carlos"]
[Result "0-1"]
[WhiteElo "1893"]
[BlackElo "2259"]

1.d4 Nf6 2.Nf3 e6 3.Bg5 h6 4.Bh4 d5 5.e3 Nbd7 6.Bd3 Bd6 7.Nbd2 O-O 8.Bg3 
Bxg3 9.hxg3 c5 10.c3 Qc7 11.Rc1 e5 12.dxe5 Nxe5 13.Nxe5 Qxe5 14.O-O Rd8 
15.Re1 Qc7 16.Be2 Bf5 17.Bf3 Rab8 18.Qa4 Be6 19.Qh4 Qb6 20.b4 cxb4 21.cxb4
d4 22.Nb3 Bxb3 23.axb3 dxe3 24.Rxe3 Rd4 25.Qh3 Qxb4 26.Rc8+ Rd8 27.Rc7 Re8
28.Rec3 Re1+ 29.Kh2 Rbe8 30.Qf5 Qd4 31.Rc2 Qa1 32.g4 Rh1+ 33.Kg3 Qg1 34.
Bd5 Qh2+ 35.Kf3 Rg1 36.Bxf7+ Kh8 37.Bxe8 Qxg2+ 38.Ke2 Qf1+ 39.Kf3 Rxg4 40.
Rc8 Qh1+ 41.Ke2 Re4+ 42.Kd2 Qe1+ 43.Kd3 Qf1+ 44.Kc3 Qa1+ 45.Kd2 Qd4+ 0-1

[Event "Euskadi tch 1D"]
[Site ""]
[Date "2012.03.10"]
[Round "9.3"]
[White "Alonso Alonso, Ivan"]
[Black "Sempere Gomis, Andres Valentin"]
[Result "1-0"]
[WhiteElo "2160"]
[BlackElo "1840"]

1.e4 c5 2.Nf3 e6 3.d4 cxd4 4.Nxd4 Nf6 5.Nc3 Nc6 6.g3 Qb6 7.Nb3 a6 8.Bg2 
Be7 9.O-O O-O 10.Be3 Qc7 11.f4 d6 12.Kh1 Rb8 13.a4 b6 14.Qe2 Bb7 15.g4 Nd7
16.g5 f5 17.exf5 Rxf5 18.Bg1 Nd8 19.Nd4 Bxg2+ 20.Qxg2 Rf7 21.Rae1 Qc4 22.
h4 e5 23.Qd5 Qxd5+ 24.Nxd5 Bf8 25.Ne2 exf4 26.Nexf4 Nc6 27.b4 Nce5 28.Bd4 
a5 29.bxa5 bxa5 30.Rb1 Rxb1 31.Rxb1 Nc6 32.Bf2 Nde5 33.Rb6 Nb4 34.Kg2 Ng4 
35.Bg1 Nxd5 36.Nxd5 Rf5 37.Rb5 Kf7 38.Rxa5 Ne5 39.Ra7+ Ke6 40.Nc7+ Kd7 41.
Nb5+ Ke6 1-0

[Event "Euskadi tch 1D"]
[Site ""]
[Date "2012.03.10"]
[Round "9.3"]
[White "Moral Barragan, Diego"]
[Black "Rodriguez Gonzalez, Alex"]
[Result "0-1"]
[WhiteElo "1746"]
[BlackElo "2002"]

1.d4 c5 2.Nf3 cxd4 3.Qxd4 Nc6 4.Qd1 Nf6 5.Nbd2 e5 6.e4 Bc5 7.Bd3 O-O 8.O-O
d6 9.c3 Nh5 10.b4 Bb6 11.b5 Ne7 12.Nxe5 dxe5 13.Qxh5 Qxd3 14.Qxe5 Ng6 15.
Qg5 h6 16.Qh5 Nf4 17.Qd1 Rd8 18.Re1 Qxc3 19.Rb1 Nd3 20.Rf1 0-1

[Event "Euskadi tch 1D"]
[Site ""]
[Date "2012.03.10"]
[Round "9.1"]
[White "Diez Fraile, David"]
[Black "Dominguez Ofretorio, Javier"]
[Result "1-0"]
[WhiteElo "2185"]
[BlackElo "2138"]

1.d4 Nf6 2.Bg5 Ne4 3.Bh4 g5 4.f3 gxh4 5.fxe4 c5 6.e3 d5 7.exd5 Qxd5 8.Nc3 
Qg5 9.Bb5+ Bd7 10.Qf3 Bh6 11.Nge2 Nc6 12.Bxc6 Bxc6 13.d5 Bd7 14.Nf4 Rg8 
15.O-O Bg4 16.Qf2 Qe5 17.Rae1 h3 18.g3 Bxf4 19.Qxf4 Qxf4 20.Rxf4 Rd8 21.
Ref1 f6 22.e4 h5 23.Kf2 Kf7 24.Ke3 a6 25.Na4 Rc8 26.Nb6 Rc7 27.a4 Kg6 28.
d6 exd6 29.Rxf6+ Kg7 30.Rxd6 Re8 31.Nd5 Rf7 32.Rxf7+ Kxf7 33.Rb6 Bc8 34.
Kf4 Kg7 35.e5 Rd8 36.c4 Rf8+ 37.Nf6 Kg6 38.Ke4 Rd8 39.Nd5+ Kg5 40.e6 Re8 
41.e7 Bf5+ 42.Ke5 Bc8 43.a5 h4 44.gxh4+ Kxh4 45.Rf6 Bd7 46.Kd6 1-0

[Event "Euskadi tch 1D"]
[Site ""]
[Date "2012.03.10"]
[Round "9.2"]
[White "Alvarez Ponga, Hugo"]
[Black "Arias Garcia, Luis Javier"]
[Result "1/2-1/2"]
[WhiteElo "2099"]
[BlackElo "2168"]

1.d4 g6 2.c4 Bg7 3.Nc3 d6 4.g3 Nf6 5.Bg2 O-O 6.h3 Nc6 7.Nf3 a6 8.O-O Rb8 
9.e4 b5 10.Qe2 b4 11.Nd5 Nxd5 12.cxd5 Nxd4 13.Nxd4 Bxd4 14.Rd1 Bg7 15.Bg5 
Bb7 16.Rac1 Rc8 17.h4 h6 18.Be3 c5 19.dxc6 Rxc6 20.Rxc6 Bxc6 21.Qxa6 Qa8 
22.Qc4 Rc8 23.Qxb4 Qxa2 24.Bh3 Rf8 25.Rc1 Qa8 26.Bg2 Rb8 27.Qc4 Bb7 28.b4 
Rc8 29.Qf1 Rxc1 30.Qxc1 Bxe4 31.Bxe4 Qxe4 32.b5 d5 33.b6 d4 34.Bf4 Kh7 35.
Qc7 Qe1+ 36.Kg2 Qe4+ 37.Kg1 Qe1+ 38.Kg2 Qe4+ 39.Kg1 1/2-1/2

[Event "Euskadi tch 1D"]
[Site ""]
[Date "2012.03.10"]
[Round "9.3"]
[White "Padilla Cabero, Pablo"]
[Black "Galarza Cenzano, Inigo"]
[Result "1/2-1/2"]
[WhiteElo "2167"]
[BlackElo "2002"]

1.e4 e5 2.Nc3 Nf6 3.d4 exd4 4.Qxd4 Nc6 5.Qd3 Bb4 6.Bg5 h6 7.Bh4 Qe7 8.f3 
Bxc3+ 9.bxc3 d6 10.Rb1 Qe6 11.Rb3 Nd7 12.Qd5 Nc5 13.Rb1 Ne7 14.Qxe6 Bxe6 
15.a3 g5 16.Bf2 O-O-O 17.Bd3 f5 18.Bd4 Rhe8 19.Ne2 fxe4 20.fxe4 Bg4 21.Bf6
Bxe2 22.Kxe2 Nd5 23.Bxd8 Nxc3+ 24.Kf3 Nxb1 25.Bxg5 hxg5 26.Rxb1 Rh8 27.Rh1
Nd7 28.Kg4 Rg8 29.Kf5 Ne5 30.Be2 Kd7 31.g4 Ke7 32.h4 gxh4 33.Rxh4 Rf8+ 34.
Kg5 Rg8+ 35.Kf5 Rf8+ 1/2-1/2

[Event "Euskadi tch 1D"]
[Site ""]
[Date "2012.03.10"]
[Round "9.4"]
[White "Gonzalez Blanco, Aitor"]
[Black "Sierra Lopez, Ceferino"]
[Result "1/2-1/2"]
[WhiteElo "2012"]
[BlackElo "2011"]

1.e4 c5 2.Nc3 e6 3.d3 Nc6 4.g3 Be7 5.Bg2 d6 6.f4 a6 7.Nf3 Qc7 8.O-O Nf6 9.
h3 b5 10.Kh2 Bb7 11.Qe2 Nd4 12.Qf2 Nxf3+ 13.Bxf3 O-O 14.Bd2 Rac8 15.Rae1 
b4 16.Nd1 a5 17.c3 Rfd8 18.Ne3 Bf8 19.f5 e5 20.c4 Nd7 21.g4 Nb6 22.g5 d5 
23.b3 g6 24.fxg6 fxg6 25.Bg4 dxe4 26.Bxc8 Nxc8 27.dxe4 Bxe4 28.Ng4 Bf5 29.
Nf6+ Kg7 30.Nd5 Qd7 31.Qh4 Qe6 32.Bf4 Bd6 33.Nf6 Rh8 34.Qh6+ Kf7 35.Rf2 
Ne7 36.Rd2 Nc6 37.Bg3 Nd4 38.Kg2 e4 39.Bxd6 Qxd6 40.Nxe4 Qf4 41.Rf2 Qe5 
42.Qh4 Kg7 43.Qh6+ Kf7 44.Qh4 Kg7 45.Qh6+ Kf7 46.Qh4 Kg7 47.Qf4 Qxf4 48.
Rxf4 Re8 49.Kf2 Nc2 50.Re2 Nd4 1/2-1/2